000 01483nam a2200385 a 4500
001 59670
003 BD-RjUL
005 20211209080745.0
008 161226s2007 si c b 011 0deng d
020 _a9789810592639
020 _a9810592639
035 _a(BD-RjUL)59794
040 _aOCoLC
_beng
_dANL
_cBD-RjUL
041 _aeng
082 0 4 _a349.5957
_222
_bLIV 2007
245 0 0 _aLives in the law :
_bessays in the honour of Peter Ellinger, Koh Kheng Lian & Tan Sook Yee /
_cedited by Dora Neo, Tang Hang Wu, Michael Hor.
246 3 0 _aEssays in the honour of Peter Ellinger, Koh Kheng Lian & Tan Sook Yee
260 _aSingapore :
_bFaculty of Law, National University of Singapore :
_bAcademy Pub.,
_cc2007.
300 _axxviii, 263 p. :
_bill. ;
_c26 cm.
504 _aIncludes bibliographical references and index.
600 1 4 _aEllinger, Peter,
_d1933-
_9177579
600 1 0 _aKoh, Kheng Lian.
_9177580
600 1 0 _aTan, Sook Yee.
_9177581
610 2 0 _aAsia-Pacific Centre for Environmental Law (National University of Singapore)
_9177582
650 0 _aLaw
_zSingapore.
_9177561
650 0 _aBanking law.
_9177562
650 0 _aCriminal law
_zSingapore.
_9177563
650 0 _aReal property.
_9177564
650 0 _aLaw teachers
_zSingapore.
_9177565
700 1 _aNeo, Dora.
_9177566
700 1 _aTang, Hang Wu.
_9177567
700 1 _aHor, Michael Yew Meng.
_9177568
710 2 _aNational University of Singapore.
_bFaculty of Law.
_9177569
942 _2ddc
_cBK
999 _c59670
_d59670